[Event "World Blitz 2025"]
[Site "Doha QAT"]
[Date "2025.12.29"]
[Round "3.105"]
[White "Sychev, Klementy"]
[Black "Sharan, Rao"]
[Result "1-0"]
[WhiteTitle "GM"]
[BlackTitle "IM"]
[WhiteElo "2517"]
[BlackElo "2341"]
[WhiteFideId "4114060"]
[BlackFideId "5073464"]
[EventDate "2025.12.29"]

1. e4 d5 2. exd5 Qxd5 3. Nc3 Qd8 4. d4 Nf6 5. Nf3 c6 6. Bc4 Bf5 7. h3 e6 8. Qe2
Be7 9. Bf4 Nbd7 10. Nh4 Bg6 11. Nxg6 hxg6 12. Bb3 Nb6 13. O-O-O Nbd5 14. Nxd5
Nxd5 15. Be5 Bf6 16. Kb1 b5 17. c3 a5 18. Bc2 Qb6 19. Ka1 Ne7 20. h4 b4 21. c4
a4 22. Be4 Rh5 23. f4 a3 24. b3 Rd8 25. Kb1 Bxe5 26. dxe5 Rxd1+ 27. Rxd1 Rxh4
28. Qd2 f6 29. exf6 gxf6 30. Qd7+ Kf7 31. Bxg6+ Kxg6 32. Qe8+ Kf5 33. g4+ Rxg4
34. Qh5+ Kxf4 35. Rf1+ Kg3 36. c5 Qb5 37. Rg1+ Kf2 38. Qh2+ Ke3 39. Qh3+ Kf2 40.
Rxg4 Qf1+ 41. Qxf1+ Kxf1 42. Rf4+ Kg2 43. Rxf6 e5 44. Re6 Nd5 45. Rxe5 Nc3+ 46.
Ka1 Kf3 47. Re6 Kf4 48. Rxc6 Ke4 49. Rd6 Ke5 50. Rd8 Nb5 51. c6 Nc7 52. Kb1 Ke6
53. Kc2 Ke7 54. Rd7+ 1-0

[Event "World Blitz 2025"]
[Site "Doha QAT"]
[Date "2025.12.29"]
[Round "3.106"]
[White "Vakhidov, Jakhongir"]
[Black "Al Hosani, Omran"]
[Result "1-0"]
[WhiteTitle "GM"]
[BlackTitle "IM"]
[WhiteElo "2516"]
[BlackElo "2340"]
[WhiteFideId "14201801"]
[BlackFideId "9308733"]
[EventDate "2025.12.29"]

1. c4 e6 2. Nc3 d5 3. d4 Nf6 4. cxd5 exd5 5. Bg5 Bb4 6. e3 h6 7. Bh4 g5 8. Bg3
Ne4 9. Ne2 h5 10. h4 Nxg3 11. Nxg3 gxh4 12. Nxh5 Qg5 13. Nf4 c6 14. Rc1 Nd7 15.
Nd3 Bd6 16. e4 dxe4 17. Nxe4 Qe7 18. Qe2 Kd8 19. Nxd6 Qxd6 20. Ne5 Qb4+ 21. Qd2
Qxd2+ 22. Kxd2 Nxe5 23. dxe5 Be6 24. a3 Ke7 25. Ke3 Rh5 26. f4 Rg8 27. Be2 Rg3+
28. Kf2 Rh8 29. Bf3 f6 30. Rce1 fxe5 31. Rxe5 Kf6 32. Rd1 Re8 33. Rh5 Rg6 34.
Re1 Bf7 35. Rxe8 Bxe8 36. Rxh4 Rg7 37. g4 c5 38. Rh6+ Ke7 39. f5 Kf8 40. Rh8+ 1-0

[Event "World Blitz 2025"]
[Site "Doha QAT"]
[Date "2025.12.29"]
[Round "3.107"]
[White "Anwoir, Tarik"]
[Black "Saraci, Nderim"]
[Result "1-0"]
[BlackTitle "IM"]
[WhiteElo "2098"]
[BlackElo "2461"]
[WhiteFideId "9004904"]
[BlackFideId "6351921"]
[EventDate "2025.12.29"]

1. e4 e5 2. Nf3 Nc6 3. Bc4 Bc5 4. d3 Nf6 5. Nc3 h6 6. h3 a6 7. a3 d6 8. Be3 Nd4
9. Bxd4 exd4 10. Ne2 O-O 11. O-O d5 12. exd5 Nxd5 13. Bxd5 Qxd5 14. Ng3 Bd7 15.
Re1 Rfe8 16. Qd2 Bf8 17. Qf4 c5 18. b3 Bd6 19. Qh4 Bf8 20. Qf4 Bc6 21. a4 Rad8
22. Qd2 Bd6 23. Rxe8+ Rxe8 24. Re1 Re6 25. Rxe6 Qxe6 26. Qe1 Qg6 27. Nh4 Qf6 28.
Nhf5 Bf8 29. Qd2 Kh7 30. Qf4 g6 31. Qb8 gxf5 32. Qxf8 b6 33. Nh5 Qg6 34. Nf4 Qf6
35. a5 bxa5 36. Qxc5 a4 37. bxa4 Bxa4 38. g3 Bb5 39. h4 Kg8 40. Qc8+ Kh7 41. Qc5
Bd7 42. Qa7 Ba4 43. Qc5 Bb5 44. Kh2 Ba4 45. Kg1 Kg8 46. Qc8+ Kh7 47. Qc5 Bd7 48.
Kh2 Bb5 49. Kg1 Qd8 1-0

[Event "World Blitz 2025"]
[Site "Doha QAT"]
[Date "2025.12.29"]
[Round "3.108"]
[White "Can, Emre"]
[Black "Berend, Fred"]
[Result "1-0"]
[WhiteTitle "GM"]
[BlackTitle "IM"]
[WhiteElo "2541"]
[BlackElo "2213"]
[WhiteFideId "6302181"]
[BlackFideId "4000102"]
[EventDate "2025.12.29"]

1. e4 c5 2. Nf3 e6 3. c3 Nf6 4. e5 Nd5 5. a3 b6 6. d4 cxd4 7. cxd4 Bb7 8. Bd3 d6
9. O-O Nd7 10. Nbd2 dxe5 11. dxe5 Be7 12. Ne4 O-O 13. Qe2 h6 14. Bd2 Rc8 15.
Rad1 Qc7 16. Ng3 Nc5 17. Bc4 Na4 18. Bb3 Nc5 19. Bc4 Ne4 20. Bd3 Nc5 21. Bb5 a6
22. Bc4 Ne4 23. Bxa6 Nxg3 24. hxg3 Bc5 25. Bd3 Ne7 26. g4 Rfd8 27. Bb1 Qc6 28.
Rc1 Qa4 29. b4 Bd4 30. Rxc8 Bxc8 31. Nxd4 Ba6 32. Qe4 1-0

[Event "World Blitz 2025"]
[Site "Doha QAT"]
[Date "2025.12.29"]
[Round "3.77"]
[White "Rami, Talab"]
[Black "Mendonca, Leon Luke"]
[Result "1-0"]
[BlackTitle "GM"]
[WhiteElo "2173"]
[BlackElo "2615"]
[WhiteFideId "7609787"]
[BlackFideId "35028561"]
[EventDate "2025.12.29"]

1. d4 Nf6 2. Nf3 e6 3. g3 b5 4. Bg2 Bb7 5. O-O c5 6. c3 d5 7. Be3 Nbd7 8. Nbd2
Be7 9. Re1 O-O 10. Bg5 h6 11. Bxf6 Nxf6 12. Qc2 Qb6 13. Rad1 Rac8 14. Qb1 a5 15.
dxc5 Bxc5 16. e3 Rfd8 17. Nd4 b4 18. cxb4 axb4 19. N2b3 Bf8 20. Rc1 e5 21. Nf3
Bd6 22. Red1 g6 23. Nfd2 Kg7 24. h4 e4 25. Nd4 Ba6 26. Bf1 Bb7 27. N2b3 h5 28.
Be2 Nd7 29. Nb5 Be5 30. N3d4 Nc5 31. Rc2 Nd3 32. Rxc8 Rxc8 33. Bxd3 exd3 34.
Qxd3 Ba6 35. a4 bxa3 36. bxa3 Rc4 37. Rb1 Qc5 38. Qd2 Bf6 39. Kg2 Bc8 40. Ra1
Bd7 41. a4 Qe7 42. Qd3 Rb4 43. Nc3 Qc5 44. a5 Rc4 45. Nce2 Bb5 46. Qa3 Ba6 47.
Qxc5 Rxc5 48. Ra2 Bd8 49. Nb3 Rb5 50. Ned4 Rb7 51. Nc5 Ra7 52. Nc6 Rc7 53. Nxa6
Rxc6 54. Nb4 Rc7 55. a6 Ra7 56. Nc6 Ra8 57. a7 Bb6 58. Ra6 Bc5 59. Ra5 Bb6 60.
Rb5 Bxa7 61. Ra5 Rc8 62. Nxa7 Rc7 63. Ra3 Rc5 64. Rb3 Kf6 65. Nb5 Kg7 66. Nd4
Rc8 67. Rb7 Kf6 68. Nb5 Rc6 69. Rc7 Rb6 70. Nc3 Rd6 71. Rc5 Ke6 72. Ne2 Ke5 73.
Kf3 Rd7 74. Rc6 Ra7 75. Nf4 Rd7 76. Nd3+ Kf5 77. Nc5 Ra7 78. Nb3 Ke5 79. Nd4 Rb7
80. Ra6 Rc7 81. Ke2 Rb7 82. Kd3 1-0

[Event "World Blitz 2025"]
[Site "Doha QAT"]
[Date "2025.12.29"]
[Round "3.78"]
[White "Zverev, Lev"]
[Black "Sindarov, Islombek"]
[Result "1-0"]
[WhiteTitle "IM"]
[BlackTitle "CM"]
[WhiteElo "2453"]
[BlackElo "2129"]
[WhiteFideId "24250775"]
[BlackFideId "14205475"]
[EventDate "2025.12.29"]

1. e4 c5 2. Nf3 Nc6 3. Bb5 g6 4. O-O Bg7 5. c3 a6 6. Bxc6 dxc6 7. d3 Nf6 8. h3
O-O 9. Re1 b5 10. Qc2 h6 11. Be3 Nd7 12. Nbd2 e6 13. Nb3 Qe7 14. Na5 Qd6 15.
Rad1 f5 16. exf5 exf5 17. b4 f4 18. Bc1 Nf6 19. Ne5 Nd5 20. Naxc6 Bb7 21. bxc5
Qc7 22. c4 Bxc6 23. cxd5 Bxd5 24. Nxg6 Rf7 25. Bxf4 Qc6 26. Ne7+ Rxe7 27. Rxe7
Bxg2 28. Re3 Bf3 29. Rde1 Bd4 30. Re6 Qd7 31. Bg3 Bd5 32. Qe2 Rf8 33. Qg4+ Bg7
34. Re7 Qxg4 35. hxg4 Rf3 36. Rd7 Rxd3 37. c6 Bd4 38. Rxd5 1-0

[Event "World Blitz 2025"]
[Site "Doha QAT"]
[Date "2025.12.29"]
[Round "3.79"]
[White "Damaj, Mohammed"]
[Black "Wojtaszek, Radoslaw"]
[Result "1/2-1/2"]
[WhiteTitle "CM"]
[BlackTitle "GM"]
[WhiteElo "2119"]
[BlackElo "2667"]
[WhiteFideId "11501731"]
[BlackFideId "1118358"]
[EventDate "2025.12.29"]

1. d4 Nf6 2. Nc3 d5 3. Bf4 e6 4. Nb5 Bb4+ 5. c3 Ba5 6. a4 a6 7. b4 Nc6 8. bxa5
axb5 9. axb5 Nxa5 10. e3 O-O 11. Bd3 b6 12. Ne2 Bd7 13. Qb1 h6 14. O-O Rc8 15.
Qb4 Re8 16. h3 Ne4 17. Bxe4 dxe4 18. c4 c5 19. bxc6 Nxc6 20. Qb1 Na5 21. Qxe4
Nxc4 22. Rfc1 b5 23. Qd3 Bc6 24. Qd1 Qd7 25. Rab1 Ra8 26. Nc3 Ra3 27. Rb3 Rea8
28. Rxa3 Rxa3 29. Qe2 Nb6 30. Qb2 Nc4 31. Qe2 Ra8 32. Rb1 Ra3 33. Rc1 1/2-1/2

[Event "World Blitz 2025"]
[Site "Doha QAT"]
[Date "2025.12.29"]
[Round "3.80"]
[White "Muntean, Victor"]
[Black "Stefansson, Vignir Vatnar"]
[Result "0-1"]
[BlackTitle "GM"]
[WhiteElo "2169"]
[BlackElo "2519"]
[WhiteFideId "1054414"]
[BlackFideId "2308649"]
[EventDate "2025.12.29"]

1. e4 c5 2. c3 Nf6 3. e5 Nd5 4. Nf3 Nc6 5. Na3 d6 6. Bb5 Bd7 7. exd6 e6 8. Nc4
a6 9. Bxc6 Bxc6 10. Nfe5 Bxd6 11. Nxc6 bxc6 12. d3 O-O 13. O-O Bc7 14. Qf3 Qh4
15. g3 Qh3 16. Re1 Rad8 17. Re4 Rfe8 18. Be3 Nf6 19. Rh4 Qf5 20. Qxf5 exf5 21.
Rd1 Rd5 22. Kf1 h6 23. Bf4 Bd8 24. Ne3 g5 25. Rxh6 gxf4 26. Nxd5 cxd5 27. gxf4
Kg7 28. Rh3 Ng4 29. Re1 Re6 30. f3 Nf6 31. Rg3+ Kf8 32. Rg5 Rb6 33. b3 d4 34. c4
Be7 35. Rxf5 Nd7 36. Rd5 Ke8 37. f5 Kd8 38. Re4 Rh6 39. Kg2 Ke8 40. f6 Nxf6 41.
Rde5 Nxe4 42. fxe4 Kd7 43. Rd5+ Ke6 44. h3 Bd6 45. Rf5 Rg6+ 46. Kf2 Be5 47. h4
Rg4 48. h5 Rf4+ 49. Rxf4 Bxf4 50. Kf3 Bh6 51. Kg4 Ke5 52. a3 a5 53. Kf3 f5 54.
exf5 Kxf5 0-1

[Event "World Blitz 2025"]
[Site "Doha QAT"]
[Date "2025.12.29"]
[Round "3.81"]
[White "Hakobyan, Aram"]
[Black "Assylov, Miras"]
[Result "1-0"]
[WhiteTitle "GM"]
[BlackTitle "FM"]
[WhiteElo "2613"]
[BlackElo "2393"]
[WhiteFideId "13306677"]
[BlackFideId "13728873"]
[EventDate "2025.12.29"]

1. e4 c5 2. Nf3 d6 3. d4 cxd4 4. Nxd4 Nf6 5. Bd3 Nc6 6. Ne2 e6 7. O-O Be7 8. c4
O-O 9. Nbc3 b6 10. Bf4 Bb7 11. Rc1 Rc8 12. b3 a6 13. Qd2 Ne5 14. Rfd1 Nh5 15.
Be3 Ng4 16. Bb1 Nxe3 17. Qxe3 Bg5 18. f4 Nxf4 19. Nxf4 e5 20. g3 exf4 21. gxf4
Bh6 22. Qg3 b5 23. Bd3 Qf6 24. Ne2 bxc4 25. Rxc4 Rxc4 26. bxc4 Re8 27. Rb1 Re7
28. Qh3 Qe6 29. Qxe6 fxe6 30. Rb6 Rd7 31. Kf2 Kf7 32. c5 dxc5 33. Bc4 Re7 34. e5
Bd5 35. Bxd5 exd5 36. Rxa6 Rc7 37. Rd6 d4 38. Kf3 Ra7 39. Ng3 Rxa2 40. Nf5 Rxh2
41. e6+ Kf6 42. Ke4 1-0

[Event "World Blitz 2025"]
[Site "Doha QAT"]
[Date "2025.12.29"]
[Round "3.82"]
[White "Zemlyanskii, Ivan"]
[Black "Ammar, Sedrani"]
[Result "1-0"]
[WhiteTitle "GM"]
[BlackTitle "FM"]
[WhiteElo "2592"]
[BlackElo "2203"]
[WhiteFideId "24249971"]
[BlackFideId "9312331"]
[EventDate "2025.12.29"]

1. e4 c6 2. d4 d5 3. e5 Bf5 4. c4 e6 5. Nc3 Nd7 6. cxd5 cxd5 7. Bd3 Bxd3 8. Qxd3
Ne7 9. Nf3 Nc6 10. h4 Be7 11. Kf1 Rc8 12. Rh3 h5 13. Kg1 g6 14. Bg5 a6 15. a3
Bxg5 16. Nxg5 Ne7 17. Rf3 Nf5 18. g3 Rc4 19. Ne2 Qb6 20. b3 Rc6 21. Rd1 O-O 22.
Nf4 Rfc8 23. Kg2 Qb5 24. Qxb5 axb5 25. Rfd3 Rc2 26. Nf3 Rb2 27. R1d2 Rcc2 28.
Rxc2 Rxc2 29. Kf1 Kf8 30. Ne2 Ke7 31. Nc3 Rc1+ 32. Ke2 Rc2+ 33. Ke1 f6 34. Nxb5
fxe5 35. Nxe5 Nxe5 36. dxe5 Rc5 37. a4 d4 38. Nxd4 Rxe5+ 39. Kd2 Nd6 40. f3 Rd5
41. Ne2 Rf5 42. Ke3 e5 43. Nc3 g5 44. hxg5 Rxg5 45. Rxd6 1-0

[Event "World Blitz 2025"]
[Site "Doha QAT"]
[Date "2025.12.29"]
[Round "3.83"]
[White "Rodrigue-Lemieux, Shawn"]
[Black "Nainys, Zanas"]
[Result "1-0"]
[WhiteTitle "GM"]
[WhiteElo "2517"]
[BlackElo "2307"]
[WhiteFideId "2620049"]
[BlackFideId "12844098"]
[EventDate "2025.12.29"]

1. c4 e6 2. g3 d5 3. Bg2 dxc4 4. Nf3 c5 5. Na3 Nc6 6. Nxc4 a6 7. O-O Nf6 8. b3
Be7 9. Bb2 O-O 10. Rc1 Nd5 11. d4 cxd4 12. Nxd4 Bd7 13. Nxc6 Bxc6 14. Ne5 Be8
15. Qd4 f6 16. Nd3 Bc6 17. Rfd1 Qa5 18. Qg4 Kf7 19. Qh5+ Kg8 20. Qg4 Kf7 21. Bh3
Nc7 22. Nf4 Qf5 23. Qxf5 exf5 24. Bxf5 g6 25. Bd3 Rfd8 26. Bc4+ Ke8 27. Bg8 g5
28. Nh5 Kf8 29. Bxh7 Kf7 30. g4 Ne6 31. Bf5 Nf4 32. Nxf4 gxf4 33. h4 Bb4 34. h5
Rxd1+ 35. Rxd1 Re8 36. Bg6+ 1-0

[Event "World Blitz 2025"]
[Site "Doha QAT"]
[Date "2025.12.29"]
[Round "3.84"]
[White "Al Mashikhi, Salim Aliyan"]
[Black "Grebnev, Aleksey"]
[Result "0-1"]
[WhiteTitle "FM"]
[BlackTitle "GM"]
[WhiteElo "1952"]
[BlackElo "2632"]
[WhiteFideId "22000046"]
[BlackFideId "34189030"]
[EventDate "2025.12.29"]

1. c4 Nf6 2. Nc3 e5 3. e4 Bc5 4. h3 d6 5. Nf3 Nc6 6. Be2 Be6 7. d3 a5 8. a3 h6
9. Be3 O-O 10. O-O Nd7 11. Nd5 a4 12. Qd2 Bxd5 13. cxd5 Na5 14. Bd1 b5 15. Rc1
Qe7 16. Bxc5 Nxc5 17. Qe2 Rab8 18. Re1 b4 19. d4 exd4 20. Nxd4 bxa3 21. bxa3 Qe5
22. Nb5 Rb7 23. Nc3 Nab3 24. Bxb3 Nxb3 25. Rc2 Nd4 26. Qd1 Nxc2 27. Qxc2 Rb3 28.
Nxa4 Rxa3 29. Qc6 Ra1 30. Nc3 Rxe1# 0-1

[Event "World Blitz 2025"]
[Site "Doha QAT"]
[Date "2025.12.29"]
[Round "3.109"]
[White "Kuandykuly, Danis"]
[Black "Dudin, Gleb"]
[Result "1-0"]
[WhiteTitle "FM"]
[BlackTitle "GM"]
[WhiteElo "2372"]
[BlackElo "2585"]
[WhiteFideId "13752260"]
[BlackFideId "34184934"]
[EventDate "2025.12.29"]

1. e4 c5 2. Nf3 d6 3. d4 cxd4 4. Nxd4 Nf6 5. Nc3 a6 6. Bd3 e5 7. Nde2 Nbd7 8.
O-O Nc5 9. Bg5 Be7 10. Bxf6 Bxf6 11. Nd5 O-O 12. a4 g6 13. b4 Ne6 14. c3 Bg7 15.
Ng3 h5 16. h3 Nf4 17. Bc4 Qg5 18. Qf3 Be6 19. Ba2 Bxd5 20. Bxd5 Nxd5 21. exd5 f5
22. Ne2 Rac8 23. Qe3 Qxe3 24. fxe3 Rc4 25. Kf2 Rfc8 26. Rfc1 Bh6 27. Re1 h4 28.
Ra3 b6 29. a5 b5 30. Kf3 Kg7 31. Kf2 g5 32. g3 Kf6 33. gxh4 Rxh4 34. Ng1 Rcc4
35. Kg2 Rce4 36. Nf3 Rh5 37. Raa1 g4 1-0

[Event "World Blitz 2025"]
[Site "Doha QAT"]
[Date "2025.12.29"]
[Round "3.110"]
[White "Droin, Augustin"]
[Black "George Samir, David"]
[Result "1-0"]
[WhiteTitle "IM"]
[BlackTitle "IM"]
[WhiteElo "2480"]
[BlackElo "2343"]
[WhiteFideId "45105987"]
[BlackFideId "10657789"]
[EventDate "2025.12.29"]

1. e4 c5 2. Nf3 d6 3. d4 cxd4 4. Nxd4 Nf6 5. Nc3 a6 6. Bd3 e5 7. Nde2 Be7 8. O-O
Be6 9. Ng3 Nc6 10. f4 exf4 11. Bxf4 Ne5 12. Kh1 O-O 13. Nd5 Nxd5 14. exd5 Bg4
15. Be2 Bxe2 16. Qxe2 Ng6 17. Nf5 Re8 18. Bg3 Bf6 19. Qf2 Ne5 20. h3 Rc8 21.
Rae1 Kh8 22. Re2 Rc5 23. Rd1 Qc7 24. c3 Rd8 25. Nxd6 Qxd6 26. Bxe5 Bxe5 27. Rxe5
Rxc3 28. Qf4 Qf6 29. Rf5 Rxh3+ 30. gxh3 Qxb2 31. Rxf7 Qa3 32. Qf3 Qc5 33. Rf1
Rg8 34. Rf8 h6 35. Rxg8+ Kxg8 36. Qf7+ Kh7 37. Qf5+ Kg8 38. Qe6+ Kh7 39. Qe4+
Kg8 40. Rd1 Qa3 41. Qe8+ Kh7 42. Qe4+ Kg8 43. Qg4 Qxa2 44. d6 h5 45. Qxh5 Qc2
46. Qf3 1-0

[Event "World Blitz 2025"]
[Site "Doha QAT"]
[Date "2025.12.29"]
[Round "3.111"]
[White "Ashwath Kaushik"]
[Black "Rakotomaharo, Fy Antenaina"]
[Result "0-1"]
[WhiteTitle "FM"]
[BlackTitle "IM"]
[WhiteElo "2345"]
[BlackElo "2434"]
[WhiteFideId "33387230"]
[BlackFideId "13100050"]
[EventDate "2025.12.29"]

1. e4 g6 2. d4 Bg7 3. Nf3 d6 4. Bc4 c6 5. O-O Nf6 6. Qe2 O-O 7. Bb3 d5 8. e5 Ne8
9. Rd1 Nc7 10. c4 dxc4 11. Bxc4 Nd7 12. Nc3 Nb6 13. Bb3 a5 14. a4 Nbd5 15. Bg5
h6 16. Bh4 Be6 17. Nxd5 Nxd5 18. Qd2 Re8 19. h3 Qb6 20. Bc4 Rad8 21. Rac1 Nc7
22. Bxe6 Nxe6 23. Qc3 Rd7 24. Rd2 Red8 25. Rcd1 g5 26. Bg3 Rd5 27. Qc4 Qb4 28.
Qxb4 axb4 29. b3 h5 30. Kf1 g4 31. hxg4 hxg4 32. Nh2 Rxd4 33. Rxd4 Rxd4 34. Rxd4
Nxd4 35. Nxg4 Nxb3 36. Ke2 Nc5 37. a5 Nb3 38. f4 Nxa5 39. Be1 c5 40. Nf2 f6 41.
e6 f5 42. Nd3 Bd4 43. Kd1 Nc4 44. g3 Ne3+ 45. Ke2 Nd5 46. Kd1 Nc7 47. Kc2 Nxe6
48. Kb3 b5 49. Nc1 Nc7 50. Ne2 Be3 51. Kc2 Nd5 52. Kd3 c4+ 53. Kc2 b3+ 54. Kb1
b4 55. g4 fxg4 56. f5 c3 57. Bg3 c2+ 58. Kb2 Nc3 59. Kxb3 Nxe2 60. Kxc2 Nxg3 61.
Kb3 Nxf5 62. Kxb4 g3 63. Kc4 g2 64. Kd5 g1=Q 65. Ke5 Qg3+ 66. Kxf5 Kf7 67. Ke4
Ke6 68. Kd3 Kd5 69. Kc2 Kc4 70. Kd1 Qf3+ 71. Kc2 Qe2+ 0-1

[Event "World Blitz 2025"]
[Site "Doha QAT"]
[Date "2025.12.29"]
[Round "3.112"]
[White "Aditya, Mittal"]
[Black "Phuyal, Aashish"]
[Result "1-0"]
[WhiteTitle "GM"]
[WhiteElo "2624"]
[BlackElo "1955"]
[WhiteFideId "35042025"]
[BlackFideId "12312649"]
[EventDate "2025.12.29"]

1. d4 Nf6 2. c4 e6 3. Nf3 d5 4. Nc3 Bb4 5. Qa4+ Nc6 6. e3 O-O 7. Qc2 Re8 8. Bd2
Bf8 9. Be2 b6 10. a3 Ne7 11. O-O Ng6 12. b4 dxc4 13. Bxc4 c5 14. dxc5 bxc5 15.
b5 Bb7 16. e4 Qc7 17. Rfe1 Ng4 18. h3 N4e5 19. Nxe5 Nxe5 20. Be2 c4 21. Be3 Bc5
22. Bf1 Rad8 23. Bxc5 Qxc5 24. a4 Rd7 25. Rad1 Red8 26. Rxd7 Rxd7 27. Rd1 Rd4
28. Qc1 h6 29. Qe3 Nd3 30. Bxd3 cxd3 31. Rxd3 e5 32. Ne2 Rc4 33. Qxc5 Rxc5 34.
Rd8+ Kh7 35. Rd7 Bxe4 36. Rxa7 Bc2 37. b6 Rc6 38. a5 Bd3 39. b7 1-0

[Event "World Blitz 2025"]
[Site "Doha QAT"]
[Date "2025.12.29"]
[Round "3.113"]
[White "Alhassadi, Yousef A."]
[Black "Cunha, Lucas Aguiar"]
[Result "0-1"]
[WhiteTitle "FM"]
[BlackTitle "FM"]
[WhiteElo "2098"]
[BlackElo "2263"]
[WhiteFideId "9204725"]
[BlackFideId "2125404"]
[EventDate "2025.12.29"]

1. e4 c5 2. c3 g6 3. d4 cxd4 4. cxd4 d5 5. e5 a6 6. h3 Nc6 7. Nf3 Nh6 8. Nc3 Bg7
9. Be2 O-O 10. O-O Bf5 11. Be3 Be4 12. g4 f6 13. exf6 exf6 14. Nd2 f5 15. f3 Qh4
16. Bf2 Qxh3 17. fxe4 fxg4 18. Qe1 Rxf2 19. Rxf2 Bxd4 0-1

[Event "World Blitz 2025"]
[Site "Doha QAT"]
[Date "2025.12.29"]
[Round "3.114"]
[White "Harikrishnan, A. Ra"]
[Black "Chekh Adm Khedr, Aram"]
[Result "0-1"]
[WhiteTitle "GM"]
[BlackTitle "FM"]
[WhiteElo "2531"]
[BlackElo "2139"]
[WhiteFideId "5081483"]
[BlackFideId "7601948"]
[EventDate "2025.12.29"]

1. Nf3 d5 2. g3 Bg4 3. Bg2 Nd7 4. d4 Ngf6 5. O-O e6 6. h3 Bh5 7. c4 c6 8. cxd5
exd5 9. Ne5 Bd6 10. f4 Bxe5 11. dxe5 Ne4 12. g4 Qb6+ 13. e3 Bg6 14. f5 Nxe5 15.
fxg6 hxg6 16. Qd4 Qc7 17. Qd1 O-O-O 18. Nc3 Ng5 19. e4 Qb6+ 20. Kh2 dxe4 21. Qe2
Nef3+ 22. Kg3 f5 23. Be3 Qc7+ 24. Bf4 Qe7 25. Bxf3 Rxh3+ 26. Kf2 Rxf3+ 27. Kg1
Nh3+ 28. Kh1 Nxf4 29. Qh2 Rh3 30. Rxf4 Rxh2+ 31. Kxh2 Qc7 32. Rf1 g5 0-1

[Event "World Blitz 2025"]
[Site "Doha QAT"]
[Date "2025.12.29"]
[Round "3.115"]
[White "Averin, Nikolay"]
[Black "Bodemar, Jonathan"]
[Result "1-0"]
[WhiteTitle "FM"]
[BlackTitle "CM"]
[WhiteElo "2389"]
[BlackElo "2154"]
[WhiteFideId "24250473"]
[BlackFideId "6205488"]
[EventDate "2025.12.29"]

1. a3 Nf6 2. Nf3 d5 3. d4 e6 4. e3 Be7 5. c4 O-O 6. Nbd2 b6 7. Bd3 Bb7 8. O-O
Nbd7 9. b4 c5 10. bxc5 bxc5 11. Rb1 Rb8 12. cxd5 Nxd5 13. Bb2 cxd4 14. Bxd4 N7b6
15. a4 Bc6 16. a5 Na4 17. Ne5 Be8 18. Rxb8 Qxb8 19. Qh5 f5 20. Qf3 Bf6 21. Bxf5
Bxe5 22. Bxe6+ Bf7 23. Bxf7+ Rxf7 24. Qxd5 Bxh2+ 25. Kh1 Bd6 26. Ne4 Be7 27. Rc1
h6 28. Qc4 Qe8 29. Bxa7 Ba3 30. Ra1 Nb2 31. Qd5 Qe7 32. Bd4 Nd3 33. Kg1 Nb4 34.
Qb3 Qxe4 35. Rxa3 Nd5 36. a6 Qf5 37. e4 Qxe4 38. a7 Qe1+ 39. Kh2 Qe7 40. a8=Q+ 1-0

[Event "World Blitz 2025"]
[Site "Doha QAT"]
[Date "2025.12.29"]
[Round "3.116"]
[White "Agmanov, Zhandos"]
[Black "Fates, Omer Salah"]
[Result "1-0"]
[WhiteTitle "IM"]
[WhiteElo "2471"]
[BlackElo "2079"]
[WhiteFideId "13708309"]
[BlackFideId "9212035"]
[EventDate "2025.12.29"]

1. e4 e6 2. Nf3 d5 3. e5 c5 4. c3 Nc6 5. d4 f6 6. Bb5 Bd7 7. Bxc6 bxc6 8. O-O
cxd4 9. cxd4 c5 10. Re1 fxe5 11. Nxe5 Nf6 12. Nc3 cxd4 13. Qxd4 Be7 14. Nxd7
Qxd7 15. Qe5 Kf7 16. Bf4 Bc5 17. Bg3 Rhe8 18. Rad1 Qc6 19. Ne2 Kg8 20. Nf4 Bd6
21. Qg5 Ne4 22. Qg4 Bxf4 23. Bxf4 Rac8 24. Be5 Qb7 25. f3 Qb6+ 26. Bd4 Nf6 27.
Bxb6 Nxg4 28. Bxa7 Nf6 29. Bd4 Nd7 30. f4 Nb8 31. b4 Nc6 32. Bc5 Rb8 33. Rb1 Ra8
34. b5 Na5 35. b6 Nb7 36. Bd4 Rxa2 37. Rbc1 Rb8 38. Rc7 Na5 39. Rxg7+ Kf8 40.
Rxh7 Nc6 41. Rh8+ Kf7 42. Rxb8 Nxb8 43. Rc1 Ra6 44. h4 Ke7 45. Rc7+ Kd8 46. Bf6+
Ke8 47. b7 Rb6 48. Be5 Kd8 49. Rc8+ Kd7 50. Rxb8 Kc6 51. h5 Rb1+ 52. Kh2 d4 53.
Bxd4 Kc7 54. Be5+ Kc6 55. Rc8+ Kxb7 56. Rb8+ 1-0

[Event "World Blitz 2025"]
[Site "Doha QAT"]
[Date "2025.12.29"]
[Round "3.117"]
[White "Dahal, Sushrut"]
[Black "Nikitenko, Mihail"]
[Result "0-1"]
[WhiteTitle "CM"]
[BlackTitle "GM"]
[WhiteElo "2037"]
[BlackElo "2476"]
[WhiteFideId "12303275"]
[BlackFideId "13506862"]
[EventDate "2025.12.29"]

1. d4 Nf6 2. Nc3 d5 3. Bf4 a6 4. e3 e6 5. g4 Bd6 6. Qf3 Qe7 7. g5 Nfd7 8. O-O-O
Nb6 9. e4 dxe4 10. Nxe4 Bxf4+ 11. Qxf4 Nc6 12. Nf3 O-O 13. Bd3 Nd5 14. Qg3 Ncb4
15. Bc4 b5 16. Bb3 a5 17. a3 a4 18. Bxd5 Nxd5 19. c3 b4 20. cxb4 Ba6 21. Ne5 Kh8
22. Nc5 Bb5 23. h4 f6 24. Nf3 Nb6 25. Rhg1 Bc4 26. gxf6 gxf6 27. Nd2 Bd5 28. Qf4
Nc8 29. Rde1 Nd6 30. Nde4 Nf5 31. Nc3 Qd6 32. Qxd6 cxd6 33. Nxe6 Bxe6 34. Rxe6
Nxd4 35. Rxd6 Nf3 36. Rg4 Ne5 37. Rf4 Kg7 38. Kb1 Rac8 39. Ne4 Rc4 40. f3 Ng6
41. Rf5 0-1

[Event "World Blitz 2025"]
[Site "Doha QAT"]
[Date "2025.12.29"]
[Round "3.118"]
[White "Gokerkan, Cem Kaan"]
[Black "Anand, Tsogtbileg"]
[Result "1-0"]
[WhiteTitle "GM"]
[BlackTitle "CM"]
[WhiteElo "2510"]
[BlackElo "1968"]
[WhiteFideId "6336760"]
[BlackFideId "4926552"]
[EventDate "2025.12.29"]

1. e4 c5 2. c3 Nf6 3. e5 Nd5 4. Bc4 Nb6 5. Bb3 c4 6. Bc2 d6 7. exd6 Qxd6 8. Nf3
g6 9. O-O Bg7 10. b3 O-O 11. Re1 Nc6 12. Na3 Be6 13. bxc4 Nxc4 14. Rxe6 Qxe6 15.
Bb3 Nxa3 16. d3 Rfd8 1-0

[Event "World Blitz 2025"]
[Site "Doha QAT"]
[Date "2025.12.29"]
[Round "3.119"]
[White "Alkhuriji, Abdulaziz N"]
[Black "Shogdzhiev, Roman"]
[Result "0-1"]
[BlackTitle "IM"]
[WhiteElo "1972"]
[BlackElo "2403"]
[WhiteFideId "21525919"]
[BlackFideId "55653537"]
[EventDate "2025.12.29"]

1. c4 a6 2. Nc3 c6 3. e4 b5 4. a3 e6 5. d4 bxc4 6. Bxc4 d5 7. Bd3 Nf6 8. e5 Nfd7
9. Nf3 c5 10. dxc5 Nc6 11. Bf4 Nxc5 12. Bc2 Be7 13. O-O a5 14. Rb1 Nd7 15. Re1
O-O 16. Qd3 g6 17. g3 Ba6 18. Qd2 Nb6 19. h4 Nc4 20. Qd1 d4 21. Ne4 d3 22. Ba4
Nd4 23. Qxd3 Nxe5 24. Nxe5 Bxd3 25. Nxd3 Nf3+ 26. Kg2 Qxd3 27. Re3 Qxb1 28. Kxf3
Qh1+ 29. Ke2 Rab8 30. Be5 Qb1 31. Bd1 Rb7 32. b4 Rxb4 33. Bb2 Rxb2+ 34. Nd2 0-1